University Home | Library Home | Institutional Repository

Emil Nolde : Aquarelle / (Record no. 79546)

MARC details
000 -LEADER
fixed length control field 00748cam4a220022900 4500
001 - CONTROL NUMBER
control field qcf00504353
005 - DATE AND TIME OF LATEST TRANSACTION
control field 20190816084556.0
008 - FIXED-LENGTH DATA ELEMENTS--GENERAL INFORMATION
fixed length control field 800916c19601957gw a 000 0 ger d
035 ## - SYSTEM CONTROL NUMBER
System control number (Sirsi) r47214
035 ## - SYSTEM CONTROL NUMBER
System control number (QCAT)lss02866278
035 ## - SYSTEM CONTROL NUMBER
System control number (UPRA)qcf00504353
040 ## - CATALOGING SOURCE
Modifying agency UPRA
245 00 - TITLE STATEMENT
Title Emil Nolde : Aquarelle /
Statement of responsibility, etc. Nachwort von Gunter Busch.
260 ## - PUBLICATION, DISTRIBUTION, ETC.
Place of publication, distribution, etc. Munchen :
Name of publisher, distributor, etc. R. Piper,
Date of publication, distribution, etc. 1960, c1957.
490 0# - SERIES STATEMENT
Series statement Piper-Bucherei
Linkage S2208.1
500 ## - GENERAL NOTE
General note "Herausgegeben von der Stiftung Seebull Ada und Emil Nolde."
600 10 - SUBJECT ADDED ENTRY--PERSONAL NAME
Personal name Nolde, Emil, 1867-1956.
Dates associated with a name Nolde, Emil, 1867-1956.
Linkage S3774.1
710 2# - ADDED ENTRY--CORPORATE NAME
Corporate name or jurisdiction name as entry element Stiftung Seebull Ada und Emil Nolde.
Linkage A5246.1
949 ## - LOCAL PROCESSING INFORMATION (OCLC)
a ND588
w lcc
m MAIN
t BOOK
l ON-SHELF
987 ## - LOCAL ROMANIZATION/CONVERSION HISTORY (OCLC)
Romanization/conversion identifier WITHDRAWN.

No items available.

© 2026 - The University of Zambia Library - Koha v25.11